000
00214 a2200097 4500
001
2756
100
_a
Abbott, P
245
_a
The power of perffect liberty
260
_a
_b
Prentic-Hall,Inc
_c
090
_c
2051
_d
2051
942
_a
NUST-CAE
_c
M
_c
11681
999
_c
237829
_d
237829